000 00272nam a2200121Ia 4500
008 190216s9999||||xx |||||||||||||| ||und||
100 _aMenon K P K
245 0 _aFine Frenzy
260 _bOrient Longman
_c1978
300 _a114p
650 _aEnglish Poetry
942 _cBK
999 _c12968
_d12968